000 00365nam a2200133 4500
999 _c512516
_d512516
008 191127b ||||| |||| 00| 0 eng d
100 _aPradhan, Anand
_913904
245 _aInvolving local communities in rural schools
260 _bKurukshetra
300 _a68(1), Nov, 2019: p.28-30.
773 _aKurukshetra
906 _aEducation, Rural
942 _2ddc
_cAR